000 00495nam a2200193Ia 4500
008 170918s9999 xx 000 0 und d
020 _a9780545001038
050 _bM498 2007
100 _aMehlhaff, Christine
245 _aDon't talk to strangers /
245 _cby Christine Mehlhaff ; illustrated by Kathi Ember.
260 _aNew York :
260 _bScholastic,
260 _c2007
300 _aunpaged :
300 _bcolored illustration ;
300 _c25cm.
500 _a720
999 _c342954
_d342954